L'ère des géants : une description détaillée des grandes pyramides d'Egypte /

Dans L'ère des Géants, c'est toute la période du gigantisme en architecture qui est exaltée : Franck Monnier étudie chacune des grandes pyramides dans l'ordre chronologique qui a présidé à leur apparition au cours des IIIe et IVe dynasties, du complexe de Djéser qui en marque l'o...

وصف كامل

محفوظ في:

المؤلف الرئيسي: Monnier, Franck (مؤلف)

التنسيق: كتاب

اللغة: French

منشور في: Paris : Éditions De Boccard, 2017.

سلاسل: De l'archéologie à l'histoire ; 67.

الموضوعات:

الوسوم: إضافة وسم

لا توجد وسوم, كن أول من يضع وسما على هذه التسجيلة!

رقم الطلب: DT63 .M64 2017

LEADER 01768nam a2200289Ia 4500
008 201123s2017 fr a g b 001 0 fre d
010 |a 2016508527 
020 |a 9782701804934 
020 |a 2701804930 
043 |a f-ua--- 
050 0 4 |a DT63  |b .M64 2017 
100 1 |a Monnier, Franck,  |e author. 
245 1 2 |a L'ère des géants :  |b une description détaillée des grandes pyramides d'Egypte /  |c Franck Monnier. 
264 1 |a Paris :  |b Éditions De Boccard,  |c 2017. 
300 |a 267 pages :  |b illustrations (chiefly color) ;  |c 30 cm. 
336 |a text  |b txt  |2 rdacontent 
337 |a unmediated  |b n  |2 rdamedia 
338 |a volume  |b nc  |2 rdacarrier 
490 1 |a De l'archéologie à l'histoire,  |x 1157-3872 ;  |v 67 
504 |a Includes bibliographical references and index. 
520 0 |a Dans L'ère des Géants, c'est toute la période du gigantisme en architecture qui est exaltée : Franck Monnier étudie chacune des grandes pyramides dans l'ordre chronologique qui a présidé à leur apparition au cours des IIIe et IVe dynasties, du complexe de Djéser qui en marque l'origine, au complexe de Khéphren qui en représente l'apogée. Si l'ouvrage, avant tout une étude architecturale, repose pour l'essentiel sur l'état de, archéologie, il interroge également la documentation iconographique, textuelle et épigraphique qui vient considérablement enrichir le propos. Les dernières découvertes, dans le domaine de la papyrologie notamment, sont intégrées à l'argument. 
650 0 |a Pyramids  |z Egypt  |x Design and construction. 
650 0 |a Architecture, Ancient  |z Egypt. 
830 0 |a De l'archéologie à l'histoire ;  |v 67. 
942 |c BK 
952 |0 0  |1 0  |2 lcc  |4 0  |7 1  |9 31616  |a ARCE  |b ARCE  |d 2022-01-25  |l 0  |r 2022-01-25 00:00:00  |w 2022-01-25  |y BK 
999 |c 31348  |d 31348